[Event "ch-FRA Blitz Online Qual"]
[Site "Europe-Chess INT"]
[Date "2020.05.16"]
[Round "4"]
[White "Hegedus, Pascal"]
[Black "Vieira, William"]
[Result "0-1"]
[WhiteElo "1283"]
[BlackElo "1593"]
[WhiteFideId "20604289"]
[BlackFideId "20661193"]
[EventDate "2020.05.16"]

1. e4 e6 2. Nf3 d5 3. e5 Bd7 4. d4 c5 5. c3 Nc6 6. Be2 Nge7 7. O-O Nf5 8. Na3
cxd4 9. cxd4 Bxa3 10. bxa3 O-O 11. g4 Nh4 12. h3 Nxf3+ 13. Bxf3 Qb6 14. Be3 Qa5
15. Qd3 Rfc8 16. Rab1 Nd8 17. Be2 a6 18. Qb3 Bb5 19. Bxb5 Qxb5 20. Qxb5 axb5 21.
Rxb5 Rxa3 22. Rb2 h6 23. Rfb1 Rca8 24. Ra1 Kh7 25. Kg2 R8a4 26. Kg3 Kg6 27. h4
h5 28. gxh5+ Kxh5 29. Kg2 f6 30. exf6 gxf6 31. Kg3 Rxd4 32. Kg2 Rg4+ 33. Kf1
Rxh4 34. Ke2 Re4 35. Kf3 Kg6 36. Rg1+ Kf7 37. Ke2 d4 38. Kf3 f5 39. Ke2 dxe3 40.
fxe3 Raxe3+ 41. Kd2 Re2+ 0-1

[Event "ch-FRA Blitz Online Qual"]
[Site "Europe-Chess INT"]
[Date "2020.05.16"]
[Round "4"]
[White "Grimault, Leane"]
[Black "Paralieu, Maxime"]
[Result "0-1"]
[WhiteElo "1622"]
[BlackElo "1569"]
[WhiteFideId "36056847"]
[BlackFideId "45154171"]
[EventDate "2020.05.16"]

1. c4 e5 2. Nc3 Nf6 3. Nf3 Nc6 4. e4 g6 5. d4 exd4 6. Nxd4 Bg7 7. Nxc6 bxc6 8.
g3 O-O 9. Bg2 d6 10. O-O Be6 11. b3 Qd7 12. Bb2 Rab8 13. Re1 Bxc4 14. bxc4 Rxb2
15. e5 dxe5 16. Rxe5 Qxd1+ 17. Rxd1 Ng4 18. Na4 Bxe5 19. Nxb2 Bxb2 20. Bxc6 Ba3
21. Rd7 Bc5 22. Rxc7 Nxf2 23. Kg2 Bb6 24. Rb7 Nd3 25. Bd5 Nc5 26. Re7 Kg7 27.
Kf3 Kf6 28. Re4 Nxe4 29. Bxe4 Rd8 30. Bd5 Re8 31. Be4 Ke5 32. Bd5 f5 33. Bc6 Re7
34. Bd5 Kd4 35. h3 Kc3 36. g4 Re3+ 37. Kg2 fxg4 38. hxg4 Kb2 39. Kh2 Bc7+ 0-1

[Event "ch-FRA Blitz Online Qual"]
[Site "Europe-Chess INT"]
[Date "2020.05.16"]
[Round "4"]
[White "Langer, Karele"]
[Black "Reuillon, Hadrien"]
[Result "0-1"]
[WhiteElo "1282"]
[BlackElo "1817"]
[WhiteFideId "551017938"]
[BlackFideId "45133972"]
[EventDate "2020.05.16"]

1. d4 Nf6 2. c4 g6 3. Nc3 d5 4. cxd5 Nxd5 5. e4 Nxc3 6. bxc3 c5 7. Be3 Bg7 8.
Rb1 O-O 9. Nf3 Nc6 10. d5 Bxc3+ 11. Bd2 Bxd2+ 12. Qxd2 Nb4 13. a3 Na6 14. Be2
Nc7 15. O-O b6 16. Ne5 Bb7 17. Qh6 Qd6 18. f4 e6 19. Rb3 f5 20. Rh3 Qe7 21. Nxg6
hxg6 22. Qh8+ Kf7 23. Qh7+ Ke8 24. Qxg6+ Kd8 25. dxe6 Qxe6 26. Rd1+ Kc8 27.
Qxe6+ Nxe6 28. exf5 Nxf4 29. Re3 Nxe2+ 30. Rxe2 Bc6 31. Re7 a5 32. Rde1 Rb8 33.
Rd1 Rb7 34. Rxb7 Kxb7 35. Re1 Rxf5 36. Re7+ Ka6 37. Rc7 Bb5 38. h3 a4 39. Kh2 c4
40. Kg3 Rc5 41. Kg4 Rxc7 42. Kf3 c3 43. Ke3 c2 44. Kd2 c1=Q# 0-1

[Event "ch-FRA Blitz Online Qual"]
[Site "Europe-Chess INT"]
[Date "2020.05.16"]
[Round "4"]
[White "Menoux, Joachim"]
[Black "Bachy, Louis"]
[Result "1-0"]
[WhiteElo "1627"]
[BlackElo "1264"]
[WhiteFideId "36066206"]
[BlackFideId "45161178"]
[EventDate "2020.05.16"]

1. d4 d5 2. c4 e5 3. dxe5 d4 4. Nf3 Nc6 5. a3 a5 6. Bg5 Be7 7. Bxe7 Ngxe7 8. g3
Be6 9. Qa4 O-O 10. Bg2 Qd7 11. O-O Bh3 12. Rd1 Bxg2 13. Kxg2 Rfd8 14. c5 Qg4 15.
h3 Qe4 16. Nd2 Qd5 17. Nb3 Nf5 18. g4 Nh4+ 19. Kg3 Nxf3 20. exf3 Qxe5+ 21. Kg2
Qd5 22. Rac1 Ne5 23. Nxd4 b6 24. cxb6 c5 25. Qb3 Qb7 26. Rxc5 Rxd4 27. Rxd4 1-0

[Event "ch-FRA Blitz Online Qual"]
[Site "Europe-Chess INT"]
[Date "2020.05.16"]
[Round "4"]
[White "Duprey, Francois-xavier"]
[Black "Le Neindre, Yael"]
[Result "1-0"]
[WhiteElo "1613"]
[BlackElo "1258"]
[WhiteFideId "20612516"]
[BlackFideId "551064260"]
[EventDate "2020.05.16"]

1. c4 e5 2. g3 Nf6 3. Bg2 Be7 4. Nf3 Nc6 5. Nc3 O-O 6. O-O Re8 7. d4 e4 8. Ng5
d6 9. Ngxe4 Bf5 10. Nxf6+ Bxf6 11. e4 Bg6 12. Be3 Qd7 13. f4 Ne7 14. f5 Nxf5 15.
exf5 Bxf5 16. Nd5 Bd8 17. Bf2 c6 18. Ne3 Bg6 19. Rc1 Bg5 20. Rc3 d5 21. cxd5
cxd5 22. Nxd5 Be4 23. Nc7 Bxg2 24. Kxg2 Rac8 25. Nxe8 Rxe8 26. d5 Bf6 27. Re3
Rd8 28. Rd3 h6 29. Re1 b6 30. Re2 Qb7 31. Kg1 Bg5 32. Qb3 Rd6 33. Be3 Rf6 34.
Bxg5 hxg5 35. Rde3 Qc7 36. Qd3 g6 37. Qc3 Qd6 38. Qd4 b5 39. Re5 g4 40. Qxg4 Kg7
41. Re8 Qc5+ 42. Kg2 Qc1 43. Re1 Qc2+ 44. R8e2 Qd3 45. Qe4 Qc4 46. Qxc4 bxc4 47.
Rc2 Rc6 48. Rd1 f6 49. dxc6 f5 50. c7 Kf6 51. c8=Q Kg5 52. Qd7 Kg4 53. Qe7 g5
54. Qg7 c3 55. h3+ Kh5 56. Rd6 f4 57. Qh6# 1-0

[Event "ch-FRA Blitz Online Qual"]
[Site "Europe-Chess INT"]
[Date "2020.05.16"]
[Round "4"]
[White "Andre, Sebastien"]
[Black "Quenehen, Nassim"]
[Result "1-0"]
[WhiteElo "1610"]
[BlackElo "1322"]
[WhiteFideId "26016982"]
[BlackFideId "45154198"]
[EventDate "2020.05.16"]

1. Nc3 g6 2. b3 Bg7 3. Bb2 e6 4. e4 Ne7 5. Nge2 O-O 6. d4 d5 7. f3 Nbc6 8. e5
Nf5 9. Qd2 Qh4+ 10. g3 Qh5 11. O-O-O Bh6 12. Nf4 Bxf4 13. Qxf4 Qh6 14. Qxh6 Nxh6
15. g4 b6 16. Nb5 Ba6 17. Nxc7 Bxf1 18. Nxa8 Bg2 19. Nc7 Bxh1 20. Rxh1 Rc8 21.
Nb5 a6 22. Nd6 Rc7 23. Kb1 Nb4 24. c3 Nd3 25. Kc2 Nf4 26. Bc1 Ng2 27. Bxh6 Nh4
28. Rf1 Nxf3 29. Rxf3 1-0

[Event "ch-FRA Blitz Online Qual"]
[Site "Europe-Chess INT"]
[Date "2020.05.16"]
[Round "4"]
[White "Tuillier, Valentin"]
[Black "Minde, Baptiste"]
[Result "1-0"]
[WhiteElo "1607"]
[BlackElo "1210"]
[WhiteFideId "36020800"]
[BlackFideId "45172110"]
[EventDate "2020.05.16"]

1. e4 e6 2. Nf3 d5 3. exd5 exd5 4. d4 Nf6 5. c4 c6 6. Nc3 Bb4 7. Bg5 Qa5 8. Bd2
O-O 9. Be2 Ne4 10. Nxe4 dxe4 11. Bxb4 Qxb4+ 12. Nd2 Qxb2 13. Nxe4 Bf5 14. f3 Rd8
15. Rb1 Qxa2 16. Rxb7 Qa5+ 17. Kf2 Bxe4 18. fxe4 Qg5 19. Rf1 Qh4+ 20. Kg1 Qxe4
21. Rfxf7 Qe3+ 22. Kh1 g6 23. Rg7+ Kf8 24. Rxh7 Kg8 25. Qf1 Qe6 26. Rbg7# 1-0

[Event "ch-FRA Blitz Online Qual"]
[Site "Europe-Chess INT"]
[Date "2020.05.16"]
[Round "4"]
[White "Dincov, Ioan"]
[Black "Kuhn, Mathilde"]
[Result "0-1"]
[WhiteElo "1549"]
[BlackElo "1764"]
[WhiteFideId "45118612"]
[BlackFideId "36099783"]
[EventDate "2020.05.16"]

1. e4 c5 2. Nf3 d6 3. d4 cxd4 4. c3 dxc3 5. Nxc3 a6 6. Bc4 Nf6 7. Bg5 Nc6 8. Qb3
e6 9. O-O-O b5 10. Bxb5 axb5 11. Qxb5 Bd7 12. Bxf6 Qxf6 13. e5 Nxe5 14. Qb7 Bc6
15. Qc7 Qe7 16. Qxd6 Qxd6 17. Rxd6 Bxd6 18. Nxe5 Bxe5 0-1

[Event "ch-FRA Blitz Online Qual"]
[Site "Europe-Chess INT"]
[Date "2020.05.16"]
[Round "4"]
[White "Fraile, Lucas"]
[Black "Fernandez, Jose"]
[Result "1-0"]
[WhiteElo "1276"]
[BlackElo "1597"]
[WhiteFideId "45146322"]
[BlackFideId "26088983"]
[EventDate "2020.05.16"]

1. e4 e5 2. Bc4 Nc6 3. Nf3 Nf6 4. O-O Nxe4 5. Re1 d5 6. Bb5 Bc5 7. d4 Bb6 8.
Nxe5 Bd7 9. Nxd7 Qxd7 10. f3 Bxd4+ 11. Kf1 Qf5 12. Qxd4 O-O 13. Bxc6 bxc6 14.
Nc3 c5 15. Qd3 Rae8 16. Kg1 Nxc3 17. Qxf5 Rxe1+ 18. Kf2 Rd1 19. bxc3 Re8 20. Bb2
Rd2+ 21. Kg3 h6 22. Rg1 Ree2 23. Qc8+ Kh7 24. Qf5+ Kg8 25. Ba3 Rxc2 26. Bxc5
Rxa2 27. Qxd5 Kh7 28. Qd3+ g6 29. Qd7 Re6 30. Qxf7+ Kh8 31. Qxe6 1-0

[Event "ch-FRA Blitz Online Qual"]
[Site "Europe-Chess INT"]
[Date "2020.05.16"]
[Round "4"]
[White "Krajewski, Thomas"]
[Black "Ciarletta, Ulysse"]
[Result "0-1"]
[WhiteElo "1273"]
[BlackElo "1599"]
[WhiteFideId "45103429"]
[BlackFideId "45133000"]
[EventDate "2020.05.16"]

1. d4 Nf6 2. Bg5 d5 3. Bxf6 exf6 4. e3 Bd6 5. g3 O-O 6. Bg2 c6 7. Ne2 Be6 8. c3
Nd7 9. O-O Re8 10. Qb3 Qc7 11. Nd2 Nf8 12. e4 dxe4 13. Nxe4 Bxb3 14. axb3 Ng6
15. Nxd6 Qxd6 16. Nf4 Nxf4 17. gxf4 Qxf4 18. Rae1 Qd2 19. Rb1 g6 20. Rfd1 Qc2
21. Rdc1 Qxb3 22. Bf1 Qd5 23. Bg2 Qe6 24. Re1 Qxe1+ 25. Rxe1 Rxe1+ 26. Bf1 Rae8
27. Kg2 Rxf1 28. Kxf1 Kg7 29. Kg2 f5 30. Kf1 Kf6 31. Kg2 Kg5 32. Kf1 Kf4 33. Kg2
Re2 34. h3 Rxb2 0-1

[Event "ch-FRA Blitz Online Qual"]
[Site "Europe-Chess INT"]
[Date "2020.05.16"]
[Round "4"]
[White "Noyelles, Benoit"]
[Black "Stoll, Lucia"]
[Result "0-1"]
[WhiteElo "1272"]
[BlackElo "1561"]
[WhiteFideId "551061350"]
[BlackFideId "45133301"]
[EventDate "2020.05.16"]

1. f4 d5 2. Nf3 Nf6 3. g3 c5 4. d3 Bg4 5. Bg2 Nc6 6. O-O Qd7 7. Bd2 h5 8. h3
Bxh3 9. Kh2 Bxg2 10. Kxg2 O-O-O 11. Nc3 Ng4 12. Ne5 Ncxe5 13. fxe5 f6 14. exf6
gxf6 15. Bf4 Bh6 16. Qd2 Bxf4 17. Qxf4 d4 18. Nd1 e5 19. Qf3 Kb8 20. Nf2 Ne3+
21. Kg1 Nxf1 22. Rxf1 Rdg8 23. Kg2 h4 24. Qxf6 Rxg3+ 25. Kh2 Qe8 26. Qxe5+ Qxe5 0-1

[Event "ch-FRA Blitz Online Qual"]
[Site "Europe-Chess INT"]
[Date "2020.05.16"]
[Round "4"]
[White "Bui, Christopher"]
[Black "Duranton, Paul"]
[Result "1-0"]
[WhiteElo "1849"]
[BlackElo "1203"]
[WhiteFideId "45107998"]
[BlackFideId "551013169"]
[EventDate "2020.05.16"]

1. c4 e5 2. g3 Bc5 3. Bg2 Nf6 4. Nc3 d6 5. Nf3 Be6 6. d3 Qd7 7. O-O Nc6 8. Bd2
Bh3 9. a3 h6 10. b4 Bb6 11. b5 Nd4 12. e3 Nxf3+ 13. Qxf3 Rb8 14. Qd1 g5 15. a4
a6 16. a5 Ba7 17. bxa6 bxa6 18. Rb1 Rxb1 19. Qxb1 h5 20. Qb7 h4 21. Qa8+ Qd8 22.
Qxa7 hxg3 23. fxg3 Bxg2 24. Kxg2 Qd7 25. Qb8+ Qd8 26. Qxd8+ Kxd8 27. Rxf6 Ke7
28. Rf1 Rb8 29. Rb1 Rh8 30. Rb7 g4 31. Nd5+ Ke6 32. Rxc7 Rh3 33. e4 f5 34. Re7# 1-0

[Event "ch-FRA Blitz Online Qual"]
[Site "Europe-Chess INT"]
[Date "2020.05.16"]
[Round "4"]
[White "Citores, Mathis"]
[Black "Vasselin, Louis"]
[Result "1-0"]
[WhiteElo "1288"]
[BlackElo "1590"]
[WhiteFideId "45148350"]
[BlackFideId "36070238"]
[EventDate "2020.05.16"]

1. e4 e6 2. d4 d5 3. Nc3 dxe4 4. Nxe4 Nd7 5. Nf3 Ngf6 6. Nxf6+ Nxf6 7. Bg5 Be7
8. Qd2 b6 9. O-O-O Bb7 10. Be2 h6 11. Bxf6 Bxf6 12. Rhg1 Qd7 13. Ne5 Bxe5 14.
dxe5 Rd8 15. Qb4 Qc6 16. Bb5 1-0

[Event "ch-FRA Blitz Online Qual"]
[Site "Europe-Chess INT"]
[Date "2020.05.16"]
[Round "4"]
[White "Menoux, Abel"]
[Black "Robine, Guillaume"]
[Result "0-1"]
[WhiteElo "1141"]
[BlackElo "1571"]
[WhiteFideId "36087173"]
[BlackFideId "45127352"]
[EventDate "2020.05.16"]

1. d4 d5 2. Nf3 Nf6 3. Bf4 Bf5 4. e3 e6 5. c4 c6 6. c5 b6 7. b4 bxc5 8. bxc5 Be7
9. Ne5 O-O 10. Qa4 Nh5 11. Nxc6 Nxc6 12. Qxc6 Nxf4 13. exf4 Qa5+ 14. Nd2 Rab8
15. Rd1 Rfc8 16. Qa6 Qxa6 17. Bxa6 Rc6 18. Be2 Bf6 19. Nb3 Bc2 20. Rc1 Bxb3 21.
axb3 Bxd4 22. Bd1 Rxc5 23. Rxc5 Bxc5 24. O-O Kf8 25. Bc2 g6 26. Rc1 Bd6 27. Ra1
Bc5 28. Ra5 Bb6 29. Ra4 Rc8 30. Bd3 Rc1+ 31. Bf1 Rc2 32. h3 Rxf2 33. Kh2 Rxf1
34. b4 Rxf4 35. Kg3 Rc4 36. Kf3 Ke7 37. g4 Kd6 38. Ke2 Kc6 39. Kd3 Kb5 40. Ra1
Rxb4 41. Kc3 Rc4+ 42. Kd3 a5 43. Rb1+ Kc5 44. Ke3 Rb4 45. Rc1+ Kd6+ 46. Kd3 Rb3+
47. Kd2 Rxh3 48. Rb1 Kc6 49. Ke2 Rg3 50. Kd2 Rxg4 51. Rc1+ Rc4 52. Rb1 h5 53.
Ke2 h4 54. Kf1 a4 55. Kg2 g5 56. Rf1 a3 57. Rxf7 Rc2+ 58. Kh3 a2 59. Rf1 Bd4 60.
Rf8 a1=Q 61. Rc8+ Kd6 62. Rxc2 Qh1+ 63. Rh2 Qxh2+ 64. Kxh2 e5 65. Kg2 e4 66. Kf1
e3 67. Ke2 h3 68. Kd3 h2 69. Kc2 h1=Q 70. Kb3 Qb1+ 71. Ka4 Kc5 72. Ka5 Qb5# 0-1

[Event "ch-FRA Blitz Online Qual"]
[Site "Europe-Chess INT"]
[Date "2020.05.16"]
[Round "4"]
[White "Vernadet, Jacques"]
[Black "Paralieu, Emma"]
[Result "1-0"]
[WhiteElo "1600"]
[BlackElo "1312"]
[WhiteFideId "665169"]
[BlackFideId "45154163"]
[EventDate "2020.05.16"]

1. e4 e5 2. f4 exf4 3. Bc4 Be7 4. d4 Bh4+ 5. Kf1 Nf6 6. Nc3 d6 7. Bxf4 Bg4 8.
Be2 Bxe2+ 9. Qxe2 Nc6 10. Nf3 Nd7 11. g3 Bf6 12. Rd1 Qe7 13. Nd5 Qd8 14. c4 Nb6
15. b3 O-O 16. Kg2 Nxd5 17. cxd5 Nb4 18. a3 Na6 19. b4 c6 20. dxc6 bxc6 21. Qxa6
Qd7 22. e5 Be7 23. Rhe1 Rfd8 24. Qd3 dxe5 25. Nxe5 Qd5+ 26. Kg1 f6 27. Nf3 Bf8
28. Rc1 a5 29. Qc4 axb4 30. axb4 Bxb4 31. Qxd5+ cxd5 32. Re6 Kf7 33. Rb6 Ba5 34.
Rb7+ Ke8 35. Rxg7 Rab8 36. Rg8+ Kf7 37. Rxd8 Rxd8 38. Nh4 Re8 39. Kf2 Bb6 40.
Be3 h6 41. Nf5 Kg6 42. Nd6 Re6 43. Nb5 h5 44. h3 Kf5 45. Kf3 Re4 46. Nd6+ Ke6
47. Nxe4 dxe4+ 48. Kxe4 f5+ 49. Kf3 1-0

[Event "ch-FRA Blitz Online Qual"]
[Site "Europe-Chess INT"]
[Date "2020.05.16"]
[Round "4"]
[White "Launay, Maxence"]
[Black "Gouait, Raymond"]
[Result "1-0"]
[WhiteElo "1084"]
[BlackElo "1566"]
[WhiteFideId "551013231"]
[BlackFideId "20621604"]
[EventDate "2020.05.16"]

1. d4 Nf6 2. c4 e6 3. Nc3 Bb4 4. Bd2 d5 5. e3 c5 6. a3 cxd4 7. exd4 Bxc3 8. Bxc3
O-O 9. Nf3 Nc6 10. cxd5 exd5 11. Bb5 Re8+ 12. Be2 Ne4 13. O-O Nxc3 14. bxc3 Bf5
15. Bd3 Be4 16. Rb1 b6 17. Rb2 Rc8 18. Bb5 Re7 19. Bxc6 Rxc6 20. Ne5 Rc8 21. f3
Bf5 22. Rb3 f6 23. Nd3 Be6 24. Nf4 Bf7 25. Re1 Qe8 26. Rxe7 Qxe7 27. Kf2 Re8 28.
Qe2 h6 29. Qxe7 Rxe7 30. Rb5 Rd7 31. Nd3 Kf8 32. a4 Rd6 33. a5 Be8 34. Rb3 b5
35. Nc5 Ke7 36. Rb1 Kd8 37. Re1 Bf7 38. Nb7+ Kd7 39. Nxd6 Kxd6 40. Rb1 a6 41.
Ke3 g6 42. Rb2 f5 43. g4 fxg4 44. fxg4 g5 45. h3 Bg6 46. Rh2 Be4 47. h4 Ke6 48.
hxg5 hxg5 49. Rh6+ Kd7 50. Rxa6 Kc7 51. Rb6 Bc2 52. Rxb5 Kc6 53. Rc5+ Kd6 54. a6
Ba4 55. a7 Bc6 56. Rxc6+ Kxc6 57. a8=Q+ 1-0

[Event "ch-FRA Blitz Online Qual"]
[Site "Europe-Chess INT"]
[Date "2020.05.16"]
[Round "4"]
[White "Deurvillier, Martial"]
[Black "Varin, Timeo"]
[Result "1/2-1/2"]
[WhiteElo "1556"]
[BlackElo "1287"]
[WhiteFideId "26017091"]
[BlackFideId "45117527"]
[EventDate "2020.05.16"]

1. d4 d5 2. c4 e6 3. Nc3 Nf6 4. Bf4 Be7 5. Nb5 Na6 6. e3 c6 7. Nc3 Nb8 8. Nf3
Nbd7 9. Bd3 dxc4 10. Bxc4 b5 11. Be2 a6 12. O-O O-O 13. Rc1 c5 14. dxc5 Nxc5 15.
Qc2 Qb6 16. Rfd1 Bb7 17. h3 Rfd8 18. Rxd8+ Rxd8 19. Rd1 Rxd1+ 20. Qxd1 Qd8 21.
Ne1 Qxd1 22. Nxd1 Kf8 23. Bf3 Bxf3 24. Nxf3 Nd3 25. b3 Nxf4 26. exf4 Ke8 27. Ne3
h6 28. f5 e5 29. Nxe5 Bd6 30. Nc6 Kd7 31. Nd4 Ne4 32. Nf3 Nc3 33. a4 bxa4 34.
bxa4 Nxa4 35. Nc4 Nc3 36. Nd4 Bb4 37. Nb6+ Kd6 38. Nc8+ Kc7 39. Na7 a5 40. Nac6
Nd5 41. Nxb4 Nxb4 42. g4 a4 43. h4 a3 44. f4 a2 45. Nb3 Nc2 46. g5 h5 47. Kf2
a1=Q 48. Nxa1 Nxa1 49. Kf3 Kd6 50. Ke4 Nb3 51. Kd3 Nc5+ 52. Kd4 Nd7 53. Ke4 Nc5+
54. Kd4 Nb3+ 55. Ke4 Nd2+ 56. Ke3 Nc4+ 57. Kd4 Nd2 58. Ke3 Nf1+ 59. Kf2 Nh2 60.
Kg3 Ng4 61. Kf3 Kd5 62. f6 gxf6 63. gxf6 Nxf6 64. Ke3 Ng4+ 65. Kf3 f5 66. Kg3
Ke4 67. Kg2 Kxf4 68. Kh3 Kf3 1/2-1/2

[Event "ch-FRA Blitz Online Qual"]
[Site "Europe-Chess INT"]
[Date "2020.05.16"]
[Round "4"]
[White "El Barbry, Sarah"]
[Black "Frazao, Pascal"]
[Result "1-0"]
[WhiteElo "1779"]
[BlackElo "1165"]
[WhiteFideId "26051419"]
[BlackFideId "45127557"]
[EventDate "2020.05.16"]

1. e4 e5 2. Nf3 Nf6 3. Nxe5 Nxe4 4. Qe2 d5 5. d3 Nc5 6. Nc6+ Qe7 7. Nxe7 Bxe7 8.
Nc3 Ne6 9. Nxd5 O-O 10. Nxe7+ Kh8 11. Nxc8 Rxc8 12. Be3 Nd7 13. O-O-O Re8 14. d4
c5 15. Qh5 g6 16. Qd5 Nb6 17. Qe5+ Kg8 18. Bh6 Nc4 19. Bxc4 a6 20. Bxe6 fxe6 21.
Qg7# 1-0

[Event "ch-FRA Blitz Online Qual"]
[Site "Europe-Chess INT"]
[Date "2020.05.16"]
[Round "4"]
[White "Kloss, Alexandre"]
[Black "Guillou, Paul"]
[Result "0-1"]
[WhiteElo "1577"]
[BlackElo "1157"]
[WhiteFideId "36088617"]
[BlackFideId "551031140"]
[EventDate "2020.05.16"]

1. e4 c5 2. Nf3 Nc6 3. d4 cxd4 4. Nxd4 g6 5. c4 Bg7 6. Be3 e6 7. Nc3 Nge7 8. Be2
O-O 9. O-O b6 10. Qd2 Bb7 11. Rfd1 Rc8 12. Ndb5 a6 13. Nd6 Rb8 14. Bh6 Qc7 15.
Bxg7 Kxg7 16. b3 Rfd8 17. Bf3 Ne5 18. Qg5 f6 19. Qg3 Nxf3+ 20. Qxf3 Qc6 21. Nxb7
Rxb7 22. Rd2 f5 23. Rad1 Rf8 24. Qd3 fxe4 25. Qxe4 Qxe4 26. Nxe4 Rd8 27. Nd6 Rc7
28. Rc2 Nf5 29. Rcd2 Kf6 30. Nxf5 exf5 31. Rd6+ Ke7 32. Rxb6 Rc6 33. Rxc6 dxc6
34. Rxd8 Kxd8 35. Kf1 Ke7 36. Ke2 Kf6 37. Ke3 Ke5 38. f4+ Ke6 39. Kd4 Kd6 40. b4
h6 41. a4 h5 42. b5 axb5 43. axb5 c5+ 44. Kd3 Kc7 45. Ke3 Kd6 46. Kd3 Kc7 47.
Kc3 Kb6 48. Kb3 Kb7 49. Ka4 Kb6 50. h3 h4 0-1

[Event "ch-FRA Blitz Online Qual"]
[Site "Europe-Chess INT"]
[Date "2020.05.16"]
[Round "4"]
[White "Daude, Alexandre"]
[Black "Villevieille, Theo"]
[Result "1-0"]
[WhiteElo "1518"]
[BlackElo "1109"]
[WhiteFideId "45102660"]
[BlackFideId "45177970"]
[EventDate "2020.05.16"]

1. e4 e5 2. Bc4 Nf6 3. d4 Nc6 4. Nf3 d6 5. dxe5 dxe5 6. Qxd8+ Kxd8 7. Bxf7 Bg4
8. Ng5 Kd7 9. f3 Bxf3 10. gxf3 Rd8 11. Ne6 Rb8 12. O-O Ke7 13. Nxf8 Rhxf8 14.
Bd5 Nb4 15. Rf2 Nh5 16. Nc3 c6 17. Bg5+ Ke8 18. Be6 h6 19. Bh4 g5 20. Bg3 Ke7
21. Bg4 Ng7 22. Bxe5 Ne8 23. Rd1 Kf7 24. Rd7+ Kg8 25. Be6+ Rf7 26. Rxf7 Rd8 27.
Rf5+ Kh7 28. Rf7+ Kg6 29. Re7 b6 30. Bf7+ Kh7 31. Be6+ Kg6 32. Bf5+ Kh5 33. Rh7
b5 34. Bg7 Rd6 35. e5 Rg6 36. Bxg6+ Kxg6 37. Rxh6+ Kxg7 38. Re6 Kf7 39. Rd6 Nxd6
40. exd6 Ke6 41. Rd2 Kd7 42. Ne4 a5 43. Nxg5 Na6 44. h4 Nc5 45. h5 Ke8 46. h6
Kf8 47. h7 Kg7 48. d7 Nxd7 49. Rxd7+ Kh8 50. Rd8+ Kg7 51. h8=Q+ 1-0

[Event "ch-FRA Blitz Online Qual"]
[Site "Europe-Chess INT"]
[Date "2020.05.16"]
[Round "4"]
[White "Hetier, Thomas"]
[Black "Porchel, Baptiste"]
[Result "1-0"]
[WhiteElo "1598"]
[BlackElo "1104"]
[WhiteFideId "45146586"]
[BlackFideId "45193037"]
[EventDate "2020.05.16"]

1. f4 d5 2. Nf3 Nc6 3. g3 f6 4. Bg2 e5 5. fxe5 fxe5 6. O-O Nf6 7. d4 e4 8. Ne5
Nxe5 9. dxe5 Bc5+ 10. e3 Ng4 11. Re1 Qg5 12. Qxd5 Bxe3+ 13. Bxe3 Nxe3 14. Qxe4
Nxg2 15. Kxg2 Bf5 16. Qxb7 O-O 17. Nc3 Qd2+ 18. Re2 Qh6 19. Qd5+ Be6 20. Qe4
Qh3+ 21. Kg1 Bg4 22. Qg2 Qh6 23. Rf2 Qe3 24. Rf1 Bf3 25. Qh3 Rae8 26. Qh4 Rxe5
27. g4 Bxg4 28. Qg3 Qxg3+ 29. hxg3 Rxf2 30. Rxf2 Re2 31. Rxe2 Bxe2 32. Nxe2 Kf7
33. Kf2 Ke6 34. Ke3 Ke5 35. Nf4 g5 36. Nd3+ Kd5 37. g4 c5 38. b3 a5 39. c4+ Kd6
40. Ke4 Ke6 41. Ne5 h6 42. Nc6 Kd6 43. Nxa5 Ke6 44. Nb7 Kd7 45. Nxc5+ Kd6 46.
Nd3 Ke6 47. c5 Kd7 48. b4 Kc6 49. a4 Kb7 50. b5 Kc7 51. a5 Kb7 52. b6 Kc6 53. a6
Kd7 54. a7 h5 55. a8=Q hxg4 56. b7 g3 57. b8=Q g2 58. Qab7+ Ke6 59. Qe5# 1-0

[Event "ch-FRA Blitz Online Qual"]
[Site "Europe-Chess INT"]
[Date "2020.05.16"]
[Round "4"]
[White "Delabre, Gaspard"]
[Black "Fischler, Ines"]
[Result "1-0"]
[WhiteElo "1449"]
[BlackElo "1129"]
[WhiteFideId "36076627"]
[BlackFideId "551033658"]
[EventDate "2020.05.16"]

1. e4 e5 2. Nf3 Nc6 3. Bc4 Bc5 4. c3 Nf6 5. d3 O-O 6. Nbd2 d6 7. O-O Bg4 8. Re1
Qd7 9. Nf1 Rfe8 10. Ng3 Re7 11. Bg5 h6 12. Bxf6 gxf6 13. Qd2 Kg7 14. Nh4 Bh5 15.
Nxh5+ Kh7 16. Nxf6+ Kg7 17. Nxd7 Rxd7 18. Nf5+ Kh7 19. Qxh6+ Kg8 20. Qg7# 1-0

[Event "ch-FRA Blitz Online Qual"]
[Site "Europe-Chess INT"]
[Date "2020.05.16"]
[Round "4"]
[White "Molines, Martin"]
[Black "Lesage, Margot"]
[Result "0-1"]
[WhiteElo "1033"]
[BlackElo "1598"]
[WhiteFideId "45191298"]
[BlackFideId "45137013"]
[EventDate "2020.05.16"]

1. e4 c5 2. Nf3 Nc6 3. d4 cxd4 4. Nxd4 g6 5. Nxc6 bxc6 6. Nc3 Bg7 7. Bd2 Nf6 8.
Qf3 O-O 9. Bd3 Bb7 10. O-O d5 11. exd5 cxd5 12. Bg5 Rb8 13. Bxf6 Bxf6 14. Na4
Qa5 15. Nc3 d4 16. Ne4 Bg7 17. Rfe1 f5 18. Nf6+ Bxf6 19. Qd1 Qd5 20. f3 Qc5 21.
b3 Kh8 22. Bc4 d3+ 23. Kh1 dxc2 24. Qxc2 Bxa1 25. Rxa1 Qe5 26. Rd1 Rfd8 27. Qc1
Rxd1+ 28. Qxd1 Bc6 29. Qf1 a5 30. Qf2 Rd8 31. Qf1 Qb2 32. a4 Qc2 33. Be2 Kg8 34.
Bc4+ Kf8 35. Be2 Qxb3 36. Kg1 Bxa4 37. h3 Qe3+ 38. Qf2 Qf4 39. Bf1 Qb4 40. Kh1
Qf4 41. Kg1 Qb4 42. Kh1 Qa3 43. Kh2 Qc3 44. Kg1 Qa3 45. Kh2 Qa1 46. Qg1 Rd1 47.
Qa7 Rxf1 48. Qb8+ Kg7 49. Qb7 Rh1+ 50. Kg3 Qe5+ 51. f4 Qe1+ 52. Kf3 Rf1# 0-1

[Event "ch-FRA Blitz Online Qual"]
[Site "Europe-Chess INT"]
[Date "2020.05.16"]
[Round "4"]
[White "Manvieu, Paul"]
[Black "Pierre, Timothee"]
[Result "0-1"]
[WhiteElo "1018"]
[BlackElo "1858"]
[WhiteFideId "651000482"]
[BlackFideId "643076"]
[EventDate "2020.05.16"]

1. e4 b6 2. d4 Bb7 3. Nc3 e6 4. Nf3 d5 5. Bd3 dxe4 6. Nxe4 Nd7 7. O-O Ngf6 8.
Re1 Nxe4 9. Bxe4 Bxe4 10. Rxe4 Nf6 11. Re1 Bd6 12. c3 O-O 13. Qc2 c6 14. Kf1 Qc7
15. g3 Rfe8 16. Ng5 h6 17. Nf3 Rad8 18. Re2 c5 19. Bd2 cxd4 20. Nxd4 Bc5 21. Nf3
Qc6 22. Kg2 Rd7 23. Rae1 Red8 24. b4 Bxb4 25. Rc1 Bc5 26. Be3 Bxe3 27. Rxe3 Nd5
28. Rd3 Nf6 29. Rxd7 Rxd7 30. Rd1 Rxd1 31. Qxd1 Qxc3 32. Qd8+ Kh7 33. Qe7 Qc2
34. Qxf7 Qxa2 35. h4 a5 36. Ne5 Qd5+ 0-1